Las matemáticas en la vida cotidiana / (Record no. 47835)
[ view plain ]
| 000 -LEADER | |
|---|---|
| campo de control de longitud fija | 00965nam a2200277 i 4500 |
| 001 - NÚMERO DE CONTROL | |
| campo de control | 47835 |
| 003 - IDENTIFICADOR DE NÚMERO DE CONTROL | |
| campo de control | ES-MaACL |
| 005 - FECHA Y HORA DE LA ÚLTIMA TRANSACCIÓN | |
| campo de control | 20250903011157.0 |
| 007 - CAMPO FIJO DE DESCRIPCIÓN FÍSICA--INFORMACIÓN GENERAL | |
| campo de control de longitud fija | t| |
| 008 - DATOS DE LONGITUD FIJA--INFORMACIÓN GENERAL | |
| campo de control de longitud fija | 990715s1998 sp ||||0| spa j |
| 020 ## - NÚMERO INTERNACIONAL ESTÁNDAR DEL LIBRO | |
| Número Internacional Estándar del Libro | 84-7829-020-6 |
| 040 ## - FUENTE DE CATALOGACIÓN | |
| Centro catalogador/agencia de origen | M-BN |
| Lengua de catalogación | spa |
| Centro/agencia transcriptor | M-BN |
| 080 ## - NÚMERO DE LA CLASIFICACIÓN DECIMAL UNIVERSAL | |
| Número de la Clasificación Decimal Universal | 51 |
| 245 04 - MENCIÓN DEL TÍTULO | |
| Título | Las matemáticas en la vida cotidiana / |
| Mención de responsabilidad, etc. | [COMAP ; director del proyecto, Solomon Garfunkel ; Joseph Malkevitch ... et al.] ; versión en español de Jody L. Doran y Eugenio Hernández. |
| 250 ## - MENCION DE EDICION | |
| Mención de edición | 3ª ed. |
| 260 ## - PUBLICACIÓN, DISTRIBUCIÓN, ETC. | |
| Lugar de publicación, distribución, etc. | Madrid : |
| Nombre del editor, distribuidor, etc. | Addison-Wesley Iberoamericana : |
| -- | Universidad Autónoma de Madrid, |
| Fecha de publicación, distribución, etc. | [1998] |
| 300 ## - DESCRIPCIÓN FÍSICA | |
| Extensión | XV, 722 p., [53] p : |
| Otras características físicas | il ; |
| Dimensiones | 23 cm. |
| 650 17 - PUNTO DE ACCESO ADICIONAL DE MATERIA--TÉRMINO DE MATERIA | |
| Término de materia o nombre geográfico como elemento de entrada | Matemáticas |
| Fuente del encabezamiento o término | embne |
| 9 (RLIN) | 14814 |
| 700 1# - ENTRADA AGREGADA--NOMBRE PERSONAL | |
| Nombre de persona | Garfunkel, Solomon. |
| 9 (RLIN) | 55531 |
| 700 1# - ENTRADA AGREGADA--NOMBRE PERSONAL | |
| Nombre de persona | Doran, Jody L. |
| 9 (RLIN) | 45379 |
| 700 1# - ENTRADA AGREGADA--NOMBRE PERSONAL | |
| Nombre de persona | Hernández, Eugenio. |
| 9 (RLIN) | 62802 |
| 710 2# - ENTRADA AGREGADA--NOMBRE DE ENTIDAD CORPORATIVA | |
| Nombre de entidad corporativa o nombre de jurisdicción como elemento de entrada | COMAP. |
| 9 (RLIN) | 3004 |
| 852 ## - LOCALIZACIÓN | |
| Ubicación | ES-MaACL |
| Número de control de estantería | L-26369 |
| Sublocalización o colección | R.132190 |
| Estatus retirado | Estado de pérdida | Estado de daño | No para préstamo | Biblioteca de origen | Biblioteca actual | Ubicación en estantería | Fecha de adquisición | Fuente de adquisición | Total de préstamos | Signatura topográfica completa | Código de barras | Visto por última vez | Precio de reemplazo | Tipo de ítem Koha |
|---|---|---|---|---|---|---|---|---|---|---|---|---|---|---|
| Biblioteca del Ateneo de Madrid | Biblioteca del Ateneo de Madrid | Depósito 2 | 17/01/2008 | L-26369 | 1050339 | 23/02/2023 | 23/02/2023 | Libro impreso |
